[Event "24th Klatovy A 2016"]
[Site "Klatovy CZE"]
[Date "2016.07.03"]
[Round "2.9"]
[White "Hollan, Petr"]
[Black "Horak, Martin"]
[Result "1-0"]
[WhiteElo "2263"]
[BlackElo "2107"]
[PlyCount "93"]
[EventDate "2016.07.02"]
[EventType "swiss"]
[EventRounds "9"]
[EventCountry "CZE"]

1. d4 e6 2. c4 Nf6 3. Nf3 b6 4. g3 Ba6 5. Qa4 c6 6. Bg2 b5 7. cxb5 cxb5 8. Qd1 Nc6 9. O-O d5 10. Nc3 Be7 11. Bf4 O-O 12. Rc1 Rc8 13. Re1 Qb6 14. h3 Ne4 15. Nxe4 dxe4 16. Ne5 Rfd8 17. Nxc6 Rxc6 18. Rxc6 Qxc6 19. Qc1 Qd5 20. Qc7 Rd7 21. Qb8+ Bf8 22. e3 Qc6 23. Bf1 Qc2 24. Qe8 Re7 25. Qd8 Qc6 26. a4 Rb7 27. Qa5 h6 28. Qc3 Qxc3 29. bxc3 e5 30. Bxe5 f6 31. axb5 Bxb5 32. Rb1 a6 33. c4 fxe5 34. cxb5 exd4 35. exd4 axb5 36. Bxb5 Re7 37. Bc4+ Kh7 38. Rb8 Rc7 39. Bd5 e3 40. fxe3 Bd6 41. Be4+ g6 42. Rb6 Rd7 43. Kg2 Kg7 44. Bc2 g5 45. Bf5 Rd8 46. g4 Be7 47. Rg6+ 1-0

[Event "24th Klatovy A 2016"]
[Site "Klatovy CZE"]
[Date "2016.07.03"]
[Round "2.10"]
[White "Rosenbaum, Vit"]
[Black "Vyprachticky, David"]
[Result "0-1"]
[WhiteElo "2087"]
[BlackElo "2246"]
[PlyCount "126"]
[EventDate "2016.07.02"]
[EventType "swiss"]
[EventRounds "9"]
[EventCountry "CZE"]

1. d4 d5 2. c4 c6 3. Nf3 dxc4 4. e3 Be6 5. a4 Nf6 6. Na3 c5 7. Nxc4 Nc6 8. Nce5 Bd5 9. Bb5 g6 10. a5 a6 11. Bxc6+ bxc6 12. Qa4 Qc7 13. dxc5 Ne4 14. Nc4 Nxc5 15. Qa3 Bxc4 16. Qxc5 Bb5 17. Bd2 Bg7 18. Bc3 O-O 19. Bxg7 Kxg7 20. Nd4 Rab8 21. Nxb5 Rxb5 22. Qc3+ Qe5 23. Qxe5+ Rxe5 24. O-O Rb8 25. Rfc1 Rxb2 26. Rxc6 Rxa5 27. Rcc1 Raa2 28. Rxa2 Rxa2 29. g3 g5 30. h3 h5 31. Rc4 Kg6 32. g4 a5 33. gxh5+ Kxh5 34. Rc7 Kg6 35. Rxe7 a4 36. Ra7 a3 37. Kg2 Ra1 38. Kf3 Kf6 39. Ke4 Kg6 40. Ra5 f6 41. Ra7 a2 42. Ra6 Rh1 43. Rxa2 Rxh3 44. Ra8 f5+ 45. Kd3 f4 46. Rg8+ Kf5 47. Rf8+ Kg4 48. Ke4 f3 49. Rf7 Rh8 50. Rf6 Ra8 51. Rh6 Ra2 52. Rh2 Ra1 53. Kd3 Rg1 54. e4 Rg2 55. Rh1 Rxf2 56. Re1 Kf4 57. e5 Ra2 58. e6 Ra8 59. e7 f2 60. Ra1 Rxa1 61. e8=Q f1=Q+ 62. Kc2 Qc4+ 63. Kd2 Ra2+ 0-1

[Event "24th Klatovy A 2016"]
[Site "Klatovy CZE"]
[Date "2016.07.03"]
[Round "2.11"]
[White "Kopta, Pavel"]
[Black "Turner, Radek"]
[Result "1-0"]
[WhiteElo "2235"]
[BlackElo "2077"]
[PlyCount "35"]
[EventDate "2016.07.02"]
[EventType "swiss"]
[EventRounds "9"]
[EventCountry "CZE"]

1. d4 e6 2. c4 Bb4+ 3. Bd2 Bxd2+ 4. Nxd2 b6 5. Ngf3 Bb7 6. g3 f5 7. Bg2 Nf6 8. O-O O-O 9. Qc2 Qe8 10. Rad1 d6 11. d5 e5 12. Ng5 g6 13. e4 fxe4 14. Ne6 Rf7 15. Nxe4 Nxe4 16. Bxe4 Na6 17. f4 exf4 18. Bxg6 1-0

[Event "24th Klatovy A 2016"]
[Site "Klatovy CZE"]
[Date "2016.07.03"]
[Round "2.12"]
[White "Gschwendtner, Stanislav"]
[Black "Formanek, Martin"]
[Result "1/2-1/2"]
[WhiteElo "2058"]
[BlackElo "2227"]
[PlyCount "99"]
[EventDate "2016.07.02"]
[EventType "swiss"]
[EventRounds "9"]
[EventCountry "CZE"]

1. Nf3 Nf6 2. c4 g6 3. Nc3 Bg7 4. g3 O-O 5. Bg2 d6 6. O-O e5 7. d3 Nc6 8. Rb1 Bg4 9. h3 Be6 10. Ng5 Bd7 11. Nd5 h6 12. Nf3 Ne8 13. Nh2 a5 14. a3 a4 15. e3 Nf6 16. Ng4 Nxd5 17. cxd5 Na5 18. e4 Kh7 19. Bd2 Nb3 20. Bc3 c5 21. dxc6 bxc6 22. Ne3 Nd4 23. Nc2 Rb8 24. Nxd4 exd4 25. Bb4 c5 26. Bd2 Rb3 27. Re1 Rxd3 28. Bf1 Rb3 29. Bc4 Rb8 30. Kh2 Be6 31. Qxa4 d5 32. exd5 Bxd5 33. Bf4 Rc8 34. Qb3 Bxc4 35. Qxc4 Qf6 36. Kg2 Qf5 37. Rbd1 Bf6 38. Rd3 Qd7 39. Rb3 g5 40. Bd2 Kg7 41. Rb5 Rfd8 42. f3 Rb8 43. Rxb8 Rxb8 44. b4 cxb4 45. axb4 Rc8 46. Qd3 Qd5 47. Rc1 Ra8 48. Rc5 Qa2 49. Ra5 Rxa5 50. bxa5 1/2-1/2

[Event "24th Klatovy A 2016"]
[Site "Klatovy CZE"]
[Date "2016.07.03"]
[Round "2.13"]
[White "Hurdzan, Tomas"]
[Black "Pick, Stepan"]
[Result "1-0"]
[WhiteElo "2208"]
[BlackElo "2058"]
[PlyCount "105"]
[EventDate "2016.07.02"]
[EventType "swiss"]
[EventRounds "9"]
[EventCountry "CZE"]

1. e4 e6 2. Nf3 d5 3. Nc3 Nf6 4. d4 Nfd7 5. e5 c5 6. dxc5 Nc6 7. Bf4 Bxc5 8. Bd3 f6 9. exf6 Qxf6 10. Bg5 Qf7 11. O-O O-O 12. Bh4 h6 13. Qe2 Nf6 14. Bg3 Bd7 15. Rae1 Nh5 16. Nd1 Nxg3 17. hxg3 Bd6 18. c4 Nb4 19. Bb1 dxc4 20. Qxc4 Rfd8 21. Ne5 Bxe5 22. Rxe5 Nd5 23. Nc3 Nxc3 24. Qxc3 Bc6 25. Qe3 Bd5 26. Rd1 a6 27. Rd4 Bc6 28. Rf4 Qd7 29. Bg6 Qd1+ 30. Kh2 Qf1 31. f3 Rd1 32. g4 Rad8 33. Rxe6 R1d2 34. Re8+ Rxe8 35. Qxd2 Qe1 36. Qxe1 Rxe1 37. b4 Re5 38. Kg3 a5 39. bxa5 Rxa5 40. Rf5 Ra6 41. Bf7+ Kh7 42. Bb3 Ra8 43. Kf4 Re8 44. Re5 Rf8+ 45. Ke3 Rd8 46. g3 Rd6 47. f4 Kh8 48. g5 hxg5 49. Rxg5 g6 50. Bc2 Kh7 51. Bb3 Kh6 52. Re5 Bg2 53. Re6 1-0

[Event "24th Klatovy A 2016"]
[Site "Klatovy CZE"]
[Date "2016.07.03"]
[Round "2.14"]
[White "Toman, Ondrej"]
[Black "Stolc, Martin"]
[Result "1/2-1/2"]
[WhiteElo "2197"]
[BlackElo "2042"]
[PlyCount "73"]
[EventDate "2016.07.02"]
[EventType "swiss"]
[EventRounds "9"]
[EventCountry "CZE"]

1. d4 Nf6 2. c4 e6 3. Nf3 b6 4. Nc3 Bb7 5. Qc2 d5 6. cxd5 Nxd5 7. e4 Nxc3 8. bxc3 Nd7 9. Bg5 Be7 10. Bxe7 Qxe7 11. Bd3 c5 12. O-O Rc8 13. Qe2 O-O 14. a4 Nf6 15. a5 c4 16. Bc2 b5 17. a6 Bc6 18. Ne5 Nd7 19. Nxc6 Rxc6 20. e5 f5 21. exf6 Nxf6 22. Rfe1 Qd6 23. h3 Kf7 24. Qf3 g6 25. Re5 Rb6 26. h4 Kg7 27. Qh3 Nd7 28. Re3 Rf6 29. h5 g5 30. Rae1 h6 31. Re5 Rxa6 32. Qe3 Rb6 33. Qe4 Nf8 34. Qa8 Qb8 35. Qe4 Qd6 36. d5 Qc5 37. Rf1 1/2-1/2

[Event "24th Klatovy A 2016"]
[Site "Klatovy CZE"]
[Date "2016.07.03"]
[Round "2.15"]
[White "Zeman, Matyas"]
[Black "Palek, Miroslav"]
[Result "1/2-1/2"]
[WhiteElo "2056"]
[BlackElo "2187"]
[PlyCount "60"]
[EventDate "2016.07.02"]
[EventType "swiss"]
[EventRounds "9"]
[EventCountry "CZE"]

1. e4 d5 2. exd5 Nf6 3. d4 Qxd5 4. Nc3 Qa5 5. Bd3 Nc6 6. Nge2 e5 7. dxe5 Nxe5 8. Bf4 Bd6 9. O-O O-O 10. Ne4 Nxe4 11. Bxe4 Qb4 12. Qd4 Qxd4 13. Nxd4 Nf3+ 14. Bxf3 Bxf4 15. Rad1 c6 16. c3 g6 17. Rfe1 Rd8 18. g3 Bg5 19. h4 Bf6 20. Nb3 Be6 21. Nc5 Bd5 22. Bxd5 Rxd5 23. Rxd5 cxd5 24. Rd1 Rd8 25. Nb3 Kf8 26. Kg2 Ke7 27. Kf3 Rd6 28. Ke3 Re6+ 29. Kd3 b6 30. Rd2 Kd6 1/2-1/2

[Event "24th Klatovy A 2016"]
[Site "Klatovy CZE"]
[Date "2016.07.03"]
[Round "2.16"]
[White "Van Kempen, Roderick"]
[Black "Taborsky, Rostislav"]
[Result "1/2-1/2"]
[WhiteElo "2042"]
[BlackElo "2180"]
[PlyCount "108"]
[EventDate "2016.07.02"]
[EventType "swiss"]
[EventRounds "9"]
[EventCountry "CZE"]

1. e4 c5 2. Nf3 e6 3. d4 cxd4 4. Nxd4 Nc6 5. Nc3 Qc7 6. Be3 a6 7. Be2 Nf6 8. a3 b5 9. O-O Bb7 10. Re1 Bd6 11. g3 Be5 12. Bf3 Nxd4 13. Bxd4 O-O 14. Qd3 Rfd8 15. Rad1 Rac8 16. Bxe5 Qxe5 17. Qd6 Qc5 18. Re3 e5 19. Red3 h6 20. Bg2 Rc6 21. Qxc5 Rxc5 22. Rd6 Rdc8 23. f3 R8c7 24. Kf2 Kf8 25. Ke3 Ke7 26. Bh3 Rc4 27. Bf1 Rxc3+ 28. bxc3 Rxc3+ 29. R1d3 Rxc2 30. Rd2 Rxd2 31. Rxd2 d5 32. exd5 Nxd5+ 33. Ke4 Nf6+ 34. Kxe5 Bxf3 35. Rc2 Ba8 36. Rc7+ Nd7+ 37. Kd4 Kd6 38. Ra7 Bc6 39. Bh3 Ne5 40. Rxa6 Nf3+ 41. Ke3 Nxh2 42. Bg2 Ng4+ 43. Kf4 Ne5 44. Bxc6 Nxc6 45. Ra8 b4 46. axb4 Nxb4 47. Ra7 Nd5+ 48. Kg4 Ke6 49. Ra6+ Ke5 50. Kf3 h5 51. Ra7 Ke6 52. Ra6+ Ke5 53. Ra7 Ke6 54. Ra6+ Ke7 1/2-1/2

[Event "24th Klatovy A 2016"]
[Site "Klatovy CZE"]
[Date "2016.07.03"]
[Round "2.18"]
[White "Chalupa, Ivan"]
[Black "Drahorad, Daniel"]
[Result "1/2-1/2"]
[WhiteElo "2175"]
[BlackElo "1970"]
[PlyCount "30"]
[EventDate "2016.07.02"]
[EventType "swiss"]
[EventRounds "9"]
[EventCountry "CZE"]

1. e4 e6 2. d4 d5 3. Nc3 Bb4 4. Nge2 Nf6 5. e5 Ne4 6. a3 Nxc3 7. Nxc3 Be7 8. Be3 b6 9. Qg4 g6 10. h4 h5 11. Qf4 Ba6 12. Bxa6 Nxa6 13. g3 Qd7 14. O-O c5 15. Rfd1 c4 1/2-1/2

[Event "24th Klatovy A 2016"]
[Site "Klatovy CZE"]
[Date "2016.07.03"]
[Round "2.19"]
[White "Kotal, Vaclav"]
[Black "Vorisek, Jaroslav"]
[Result "0-1"]
[WhiteElo "1886"]
[BlackElo "2171"]
[PlyCount "90"]
[EventDate "2016.07.02"]
[EventType "swiss"]
[EventRounds "9"]
[EventCountry "CZE"]

1. e4 e5 2. Nf3 Nc6 3. Bb5 a6 4. Ba4 Nf6 5. O-O Nxe4 6. d4 b5 7. Bb3 d5 8. dxe5 Be6 9. c3 Be7 10. Be3 O-O 11. Nbd2 Nc5 12. Bc2 Nd7 13. Bf4 f6 14. exf6 Bxf6 15. Re1 Bf7 16. Nb3 Rb8 17. Qd3 g6 18. Nbd4 Nxd4 19. cxd4 Rb6 20. b4 Rc6 21. Bb3 Re8 22. Ne5 Nxe5 23. dxe5 Bg7 24. Rad1 Rc4 25. Bxc4 bxc4 26. Qd4 Bf8 27. Bd2 Be6 28. Bc3 Qc8 29. Qe3 a5 30. b5 a4 31. Qa7 a3 32. Bd4 Qb8 33. Qa6 Qa8 34. Qxa8 Rxa8 35. Rb1 Bf5 36. Rbd1 Rb8 37. e6 Be7 38. b6 cxb6 39. Re5 b5 40. f3 b4 41. g4 Bc2 42. Rde1 b3 43. Rxd5 b2 44. Rd7 Kf8 45. Bg7+ Ke8 0-1

[Event "24th Klatovy A 2016"]
[Site "Klatovy CZE"]
[Date "2016.07.03"]
[Round "2.20"]
[White "Ratsma, Midas"]
[Black "Hlozek, David"]
[Result "1-0"]
[WhiteElo "2171"]
[BlackElo "1677"]
[PlyCount "65"]
[EventDate "2016.07.02"]
[EventType "swiss"]
[EventRounds "9"]
[EventCountry "CZE"]

1. d4 d5 2. Bf4 e6 3. e3 Nf6 4. Nd2 c5 5. c3 Nc6 6. Ngf3 Bd6 7. Bg3 Bxg3 8. hxg3 cxd4 9. exd4 O-O 10. Bd3 Re8 11. Ne5 h6 12. Qe2 Nd7 13. Ndf3 Ndxe5 14. Nxe5 Nxe5 15. dxe5 Qb6 16. g4 g6 17. Rxh6 Kg7 18. Qf3 Qxb2 19. Rh7+ Kxh7 20. Qxf7+ Kh8 21. Qxe8+ Kg7 22. Qe7+ Kg8 23. Qd8+ Kf7 24. Qc7+ Kf8 25. Rb1 Qa3 26. Qd8+ Kg7 27. Qf6+ Kg8 28. Bxg6 Qxc3+ 29. Kf1 Qc4+ 30. Kg1 Qc7 31. Rb3 Qc1+ 32. Kh2 Qh6+ 33. Rh3 1-0

[Event "24th Klatovy A 2016"]
[Site "Klatovy CZE"]
[Date "2016.07.03"]
[Round "2.21"]
[White "Dobias, Daniel"]
[Black "Lacina, Adolf"]
[Result "0-1"]
[WhiteElo "1827"]
[BlackElo "2167"]
[PlyCount "92"]
[EventDate "2016.07.02"]
[EventType "swiss"]
[EventRounds "9"]
[EventCountry "CZE"]

1. e4 c5 2. f4 e6 3. Nf3 d5 4. e5 Nc6 5. Nc3 Nh6 6. Bb5 Bd7 7. d3 d4 8. Bxc6 Bxc6 9. Ne4 Nf5 10. O-O h5 11. c3 h4 12. Nfg5 Be7 13. c4 Qd7 14. Bd2 f6 15. exf6 gxf6 16. Nf3 h3 17. g3 O-O-O 18. Qe1 Rdg8 19. b4 cxb4 20. Bxb4 Bxb4 21. Qxb4 Rg6 22. Rae1 Rhg8 23. Kh1 Ne3 24. Rf2 Ng4 25. Rb2 f5 26. Nd6+ Kb8 27. Rf1 Ne3 28. Rff2 Nd1 29. Kg1 Nxb2 30. Ne5 Qc7 31. Rxb2 R6g7 32. Qc5 Ka8 33. Qxd4 Qa5 34. Kf2 Rxg3 35. hxg3 h2 36. Nxc6 bxc6 37. Kg2 Qe1 38. Rb8+ Kxb8 39. Qb2+ Kc7 40. Qb7+ Kxd6 41. c5+ Kxc5 42. Qxa7+ Kd6 43. Qd4+ Ke7 44. Qa7+ Kf8 45. Qc5+ Kf7 46. Qa7+ Kg6 0-1

[Event "24th Klatovy A 2016"]
[Site "Klatovy CZE"]
[Date "2016.07.03"]
[Round "2.22"]
[White "Brunova, Blanka"]
[Black "Parizek, Vojtech"]
[Result "1-0"]
[WhiteElo "1880"]
[BlackElo "2104"]
[PlyCount "71"]
[EventDate "2016.07.02"]
[EventType "swiss"]
[EventRounds "9"]
[EventCountry "CZE"]

1. e4 c5 2. c3 d5 3. exd5 Qxd5 4. d4 Nf6 5. Nf3 e6 6. Na3 Nc6 7. Bd3 cxd4 8. cxd4 Be7 9. O-O O-O 10. Nc4 b6 11. b3 Bb7 12. Ne3 Qd6 13. a4 Rfd8 14. Bb2 Nd5 15. Nc4 Qc7 16. Nfe5 Nxe5 17. Nxe5 Bf6 18. Rc1 Qd6 19. Bxh7+ Kf8 20. Be4 g6 21. Qd2 a5 22. Nc4 Qd7 23. Bxd5 Qxd5 24. Qh6+ Kg8 25. Qh3 Ra6 26. Rc3 Bxd4 27. Rd3 e5 28. Ne3 Qe4 29. Ng4 b5 30. Rf3 f5 31. Qh4 Rad6 32. Nf6+ Rxf6 33. Qxf6 Qd5 34. Qxg6+ Kf8 35. Rxf5+ Ke7 36. Qg7+ 1-0

[Event "24th Klatovy A 2016"]
[Site "Klatovy CZE"]
[Date "2016.07.03"]
[Round "2.23"]
[White "Dolansky, Lukas"]
[Black "Bottema, Timo"]
[Result "1-0"]
[WhiteElo "2102"]
[BlackElo "2065"]
[PlyCount "83"]
[EventDate "2016.07.02"]
[EventType "swiss"]
[EventRounds "9"]
[EventCountry "CZE"]

1. e4 c5 2. Nf3 e6 3. d3 d5 4. Nbd2 Nf6 5. g3 Be7 6. Bg2 O-O 7. O-O Nc6 8. Re1 Qc7 9. Nf1 d4 10. e5 Nd5 11. h4 b5 12. Qe2 a5 13. N1h2 Bd7 14. Ng5 h6 15. Nh3 f6 16. exf6 Nxf6 17. Nf4 e5 18. Bxc6 Qxc6 19. Ng6 Rfe8 20. Nxe5 Qc7 21. Nxd7 Qxd7 22. Bf4 Nd5 23. Qd2 Rf8 24. Re4 Rf7 25. Nf3 Nxf4 26. Rxf4 Rxf4 27. Qxf4 Bd6 28. Qe4 Re8 29. Qd5+ Kh8 30. Re1 Rxe1+ 31. Nxe1 Qc7 32. Qa8+ Kh7 33. Qe4+ Kh8 34. Qe8+ Kh7 35. Qxb5 g5 36. hxg5 hxg5 37. Qe8 Be7 38. Qh5+ Kg7 39. Nf3 Qd6 40. Nxg5 Bxg5 41. Qxg5+ Kh8 42. f4 1-0

[Event "24th Klatovy A 2016"]
[Site "Klatovy CZE"]
[Date "2016.07.03"]
[Round "2.24"]
[White "Kunc, Jan"]
[Black "Mueller, Michael3"]
[Result "1-0"]
[WhiteElo "1798"]
[BlackElo "2102"]
[PlyCount "125"]
[EventDate "2016.07.02"]
[EventType "swiss"]
[EventRounds "9"]
[EventCountry "CZE"]

1. e4 g6 2. d4 Bg7 3. Nc3 c6 4. Be3 d5 5. f3 Nf6 6. e5 Ng8 7. f4 f6 8. Nf3 Nh6 9. Qd2 O-O 10. O-O-O Bg4 11. Be2 Nd7 12. h3 Bxf3 13. Bxf3 Nb6 14. Be2 Nf5 15. Rhg1 Bh6 16. exf6 Nxe3 17. Qxe3 Qd6 18. Rdf1 Rxf6 19. g3 Re6 20. Qd2 Rf8 21. Kb1 Qb4 22. a3 Qa5 23. Ka2 Nc4 24. Bxc4 dxc4 25. Re1 Rff6 26. Ne4 Qxd2 27. Nxd2 b5 28. Ne4 Rf5 29. Nc5 Rd6 30. c3 Kf7 31. Re4 g5 32. fxg5 Bxg5 33. h4 Bd2 34. Rg2 Bh6 35. Rge2 Bf8 36. Ne6 Bh6 37. g4 Rf6 38. Nc5 Bf8 39. g5 Rg6 40. Kb1 h6 41. Re5 hxg5 42. Ne4 gxh4 43. Nxd6+ exd6 44. Rh5 Rg4 45. Rh2 Be7 46. Kc2 Re4 47. Kd2 d5 48. Re2 Rxe2+ 49. Kxe2 a5 50. Rh6 Bf6 51. Kf3 Kg7 52. Rh5 Kg6 53. Kg4 b4 54. a4 b3 55. Rf5 Be7 56. Re5 Kf7 57. Kf5 Bf6 58. Re6 Be7 59. Rxc6 Bb4 60. Rh6 Be7 61. Rh7+ Kf8 62. Ke6 Bg5 63. Kxd5 1-0

[Event "24th Klatovy A 2016"]
[Site "Klatovy CZE"]
[Date "2016.07.03"]
[Round "2.25"]
[White "Hacaperka, Michal"]
[Black "Molkanov, Oleg 2001"]
[Result "0-1"]
[WhiteElo "1887"]
[BlackElo "1860"]
[PlyCount "60"]
[EventDate "2016.07.02"]
[EventType "swiss"]
[EventRounds "9"]
[EventCountry "CZE"]

1. e4 c5 2. Nc3 d6 3. f4 Nc6 4. Bb5 Bd7 5. Bxc6 Bxc6 6. d3 e6 7. Nf3 b5 8. O-O Ne7 9. Qe1 g6 10. f5 gxf5 11. Bg5 Qc7 12. Bf6 Rg8 13. exf5 e5 14. Ne4 h6 15. b4 c4 16. dxc4 bxc4 17. Rd1 O-O-O 18. Nh4 Qb7 19. Ng3 Rd7 20. Bxe7 Bxe7 21. f6 Bd8 22. c3 Rg4 23. Nf3 Bxf6 24. Qe2 Bd8 25. Nxe5 Bb6+ 26. Rf2 Bxf2+ 27. Kxf2 Rf4+ 28. Nf3 Bxf3 29. gxf3 Re7 30. Ne4 Rexe4 0-1

[Event "24th Klatovy A 2016"]
[Site "Klatovy CZE"]
[Date "2016.07.03"]
[Round "2.26"]
[White "Novotny, Jaroslav2"]
[Black "Soural, Jan"]
[Result "0-1"]
[WhiteElo "1953"]
[BlackElo "2231"]
[PlyCount "102"]
[EventDate "2016.07.02"]
[EventType "swiss"]
[EventRounds "9"]
[EventCountry "CZE"]

1. e4 c5 2. Nf3 e6 3. d4 cxd4 4. Nxd4 Nc6 5. Nc3 Qc7 6. Be3 a6 7. Be2 Nf6 8. O-O Bb4 9. Nxc6 bxc6 10. Na4 Be7 11. Nb6 Rb8 12. Nxc8 Qxc8 13. e5 Nd5 14. Bc1 c5 15. Bf3 Nb4 16. c3 Nc6 17. Re1 O-O 18. Qa4 Rb6 19. Qg4 Kh8 20. Qh5 d6 21. exd6 Bxd6 22. Be4 f5 23. Bc2 e5 24. Re3 g6 25. Qd1 Be7 26. Rd3 Qe6 27. Qe2 e4 28. Rh3 Ne5 29. b3 Rd8 30. Bf4 Bf6 31. Rd1 Rbd6 32. Rxd6 Qxd6 33. Kf1 Qc6 34. f3 exf3 35. gxf3 Re8 36. Qd1 c4 37. b4 Rd8 38. Qe2 Nd3 39. Bd2 Re8 40. Qg2 Qe6 41. Bxd3 cxd3 42. f4 Qe4 43. Qxe4 fxe4 44. c4 Bd4 45. Be3 Rd8 46. Ke1 Bxe3 47. Rxe3 Rd4 48. c5 Rxb4 49. a3 Rc4 50. h4 Kg7 51. c6 Kf6 0-1

[Event "24th Klatovy A 2016"]
[Site "Klatovy CZE"]
[Date "2016.07.03"]
[Round "2.27"]
[White "Barrish, Daniel"]
[Black "Cecil, Pavel"]
[Result "1/2-1/2"]
[WhiteElo "2183"]
[BlackElo "1929"]
[PlyCount "142"]
[EventDate "2016.07.02"]
[EventType "swiss"]
[EventRounds "9"]
[EventCountry "CZE"]

1. d4 d5 2. c4 c6 3. cxd5 cxd5 4. Nc3 Nf6 5. Bf4 e6 6. e3 Bd7 7. Bd3 Be7 8. Nf3 O-O 9. Ne5 Nc6 10. O-O a6 11. Rc1 Rc8 12. Bg3 Nxe5 13. dxe5 Ne8 14. Qb3 b5 15. Ne2 g6 16. Rxc8 Qxc8 17. Rc1 Qb7 18. Qc2 Ng7 19. Qc7 Rb8 20. Nd4 Bd8 21. Qd6 Rc8 22. Rd1 Be8 23. Qb4 a5 24. Qd2 b4 25. Qe2 Rc5 26. f4 Qc7 27. Qf1 a4 28. Be1 Qb8 29. g4 Be7 30. Bg3 Qc8 31. f5 exf5 32. gxf5 Bg5 33. Re1 Rc1 34. Kf2 Rxe1 35. Qxe1 Qc5 36. f6 Ne6 37. Nxe6 fxe6 38. Kf3 Bh6 39. Bf4 Bf8 40. h4 Bb5 41. Bb1 Qc4 42. h5 Kf7 43. hxg6+ hxg6 44. Qd1 Qf1+ 45. Qxf1 Bxf1 46. Kg4 Be2+ 47. Kg5 Bh5 48. Bc2 a3 49. bxa3 bxa3 50. Bg3 Bb4 51. Bf4 Bc3 52. Ba4 Be2 53. Bc2 Bh5 54. Ba4 Be2 55. Be8+ Kxe8 56. Kxg6 Bb4 57. f7+ Kd7 58. Bh6 Bd3+ 59. Kg7 Bc4 60. Kg8 Bxa2 61. Bf8 Bxf8 62. Kxf8 Bc4 63. Kg8 a2 64. f8=Q a1=Q 65. Qd6+ Kc8 66. Qxe6+ Kb7 67. Qd7+ Kb6 68. Qd6+ Kb7 69. Qb4+ Kc6 70. Qd6+ Kb7 71. Qe7+ Kb6 1/2-1/2

[Event "24th Klatovy A 2016"]
[Site "Klatovy CZE"]
[Date "2016.07.03"]
[Round "2.28"]
[White "Brock, Ditmar"]
[Black "Jelinek, Michal"]
[Result "0-1"]
[WhiteElo "1931"]
[BlackElo "2176"]
[PlyCount "72"]
[EventDate "2016.07.02"]
[EventType "swiss"]
[EventRounds "9"]
[EventCountry "CZE"]

1. Nf3 d5 2. d4 Nf6 3. g3 e6 4. Bg2 Be7 5. O-O O-O 6. b3 c5 7. dxc5 Na6 8. Bb2 Nxc5 9. Nbd2 b6 10. Ne5 Bb7 11. c4 Rc8 12. Rc1 Nfe4 13. Ndf3 Qd6 14. b4 Na6 15. a3 f6 16. Ng4 Rxc4 17. Rxc4 dxc4 18. Qxd6 Nxd6 19. Nd4 Bxg2 20. Kxg2 Kf7 21. Ne3 Rc8 22. Rc1 e5 23. Ndf5 Nxf5 24. Nxf5 b5 25. Rd1 g6 26. Nd6+ Bxd6 27. Rxd6 Nb8 28. Bc3 Ke7 29. Rd5 a6 30. Kf3 Nd7 31. Ke3 Nb6 32. Rd1 Na4 33. Ba1 Ke6 34. f3 Nb6 35. Bc3 Nd5+ 36. Kd2 Rd8 0-1

[Event "24th Klatovy A 2016"]
[Site "Klatovy CZE"]
[Date "2016.07.03"]
[Round "2.29"]
[White "Danek, Vaclav"]
[Black "Kaderabek, Jiri"]
[Result "1/2-1/2"]
[WhiteElo "1921"]
[BlackElo "2125"]
[PlyCount "39"]
[EventDate "2016.07.02"]
[EventType "swiss"]
[EventRounds "9"]
[EventCountry "CZE"]

1. e4 c5 2. Nf3 e6 3. d4 cxd4 4. Nxd4 Nf6 5. Nc3 d6 6. Bc4 Be7 7. f4 Qc7 8. Bb3 a6 9. Be3 Nc6 10. Qf3 b5 11. f5 Ne5 12. Qe2 Nc4 13. O-O-O Bd7 14. Rhe1 Rc8 15. fxe6 fxe6 16. Bg5 O-O 17. Bxc4 Qxc4 18. Qxc4 Rxc4 19. e5 dxe5 20. Nf3 1/2-1/2

[Event "24th Klatovy A 2016"]
[Site "Klatovy CZE"]
[Date "2016.07.03"]
[Round "2.30"]
[White "Stinka, Jakub"]
[Black "Psaila, Clarence"]
[Result "0-1"]
[WhiteElo "1916"]
[BlackElo "2080"]
[PlyCount "124"]
[EventDate "2016.07.02"]
[EventType "swiss"]
[EventRounds "9"]
[EventCountry "CZE"]

1. e4 e6 2. d4 d5 3. Nd2 Nc6 4. Ngf3 Nf6 5. e5 Nd7 6. c3 f6 7. exf6 Qxf6 8. Bd3 Bd6 9. O-O O-O 10. Nb3 e5 11. dxe5 Ndxe5 12. Nxe5 Nxe5 13. Be2 c6 14. Be3 Qh4 15. f4 Ng4 16. Bxg4 Bxg4 17. Qe1 Qh5 18. h3 Bd7 19. Qd2 Rae8 20. Rae1 b6 21. c4 Rf6 22. cxd5 Bxh3 23. Bd4 Rxe1 24. Qxe1 Rg6 25. Rf2 Qxd5 26. Qe2 Re6 27. Qf3 Re1+ 28. Kh2 Qxf3 29. Rxf3 Bg4 30. Rf2 g5 31. g3 gxf4 32. gxf4 Re2 33. Kg3 Rxf2 34. Bxf2 Be6 35. Nd4 Bd5 36. a3 Kf7 37. Kg4 c5 38. Nb5 Bb8 39. Be3 Bc6 40. Nc3 Kf6 41. Kg3 Kf5 42. Bd2 Bd6 43. Be3 Be7 44. Bd2 Bf6 45. Be1 Bd4 46. Bd2 Bf6 47. Be1 h5 48. Bd2 Bd7 49. Be1 h4+ 50. Kh3 Kxf4+ 51. Kh2 Bxc3 52. Bxc3 Ke4 53. Bf6 h3 54. Kg3 b5 55. Be7 c4 56. Bb4 Kd3 57. Bc3 Kc2 58. Kf2 Bc6 59. Kg3 Bg2 60. Kf2 a5 61. Be5 b4 62. axb4 axb4 0-1

[Event "24th Klatovy A 2016"]
[Site "Klatovy CZE"]
[Date "2016.07.03"]
[Round "2.31"]
[White "Kovar, Petr"]
[Black "Soural, Karel"]
[Result "0-1"]
[WhiteElo "1915"]
[BlackElo "2035"]
[PlyCount "68"]
[EventDate "2016.07.02"]
[EventType "swiss"]
[EventRounds "9"]
[EventCountry "CZE"]

1. c4 e5 2. Nc3 d6 3. g3 f5 4. Bg2 Nf6 5. e3 Be7 6. Nge2 O-O 7. d4 e4 8. b3 c6 9. Bb2 d5 10. c5 Na6 11. a3 Nc7 12. b4 Qe8 13. h4 Bd7 14. Nf4 Qf7 15. Bf1 Rfb8 16. Be2 b6 17. Qc2 b5 18. O-O a5 19. bxa5 Rxa5 20. a4 b4 21. Qb3 Ra7 22. Rfb1 Ng4 23. Bc1 g5 24. hxg5 Bxg5 25. Bf1 Bxf4 26. exf4 Rab7 27. Nd1 Ne6 28. Be3 Qg7 29. Qb2 Bc8 30. a5 Ra7 31. Ra4 Qh6 32. f3 exf3 33. Bd3 Qh3 34. Bf2 Qg2# 0-1

[Event "24th Klatovy A 2016"]
[Site "Klatovy CZE"]
[Date "2016.07.03"]
[Round "2.32"]
[White "Zilavy, Jan"]
[Black "Novak, Jaromir"]
[Result "1-0"]
[WhiteElo "2030"]
[BlackElo "1904"]
[PlyCount "95"]
[EventDate "2016.07.02"]
[EventType "swiss"]
[EventRounds "9"]
[EventCountry "CZE"]

1. e4 e6 2. d3 d5 3. Qe2 Be7 4. Nf3 c5 5. g3 Nc6 6. Bg2 Nf6 7. O-O d4 8. e5 Nd5 9. h4 h6 10. Nbd2 Qc7 11. Re1 Bd7 12. a4 O-O-O 13. Nc4 Na5 14. Nfd2 Bc6 15. Nxa5 Qxa5 16. Nc4 Qc7 17. Bd2 b6 18. c3 dxc3 19. bxc3 Qb7 20. a5 Nxc3 21. Bxc3 Bxg2 22. axb6 axb6 23. Nxb6+ Qxb6 24. Kxg2 Qc6+ 25. Kg1 Kd7 26. Ra7+ Ke8 27. Rb1 Rd7 28. Qa2 Bd8 29. Rb8 Ke7 30. d4 Re8 31. dxc5 Bc7 32. Rxe8+ Kxe8 33. Qa4 Qxa4 34. Rxa4 Rd5 35. c6 Rc5 36. Ra8+ Bd8 37. c7 Rxc7 38. Ba5 Rd7 39. Kf1 h5 40. Ke2 f5 41. Ke3 Rd5 42. Bxd8 Rxd8 43. Rxd8+ Kxd8 44. Kd4 Kd7 45. Kc5 Kc7 46. f3 Kd7 47. Kb6 g5 48. f4 1-0

[Event "24th Klatovy A 2016"]
[Site "Klatovy CZE"]
[Date "2016.07.03"]
[Round "2.33"]
[White "Zizka, Petr"]
[Black "Mackova, Veronika"]
[Result "1-0"]
[WhiteElo "2004"]
[BlackElo "1902"]
[PlyCount "91"]
[EventDate "2016.07.02"]
[EventType "swiss"]
[EventRounds "9"]
[EventCountry "CZE"]

1. b3 g6 2. Bb2 Nf6 3. Bxf6 exf6 4. c4 d5 5. cxd5 Qxd5 6. e3 Bg7 7. Nf3 c5 8. Nc3 Qd8 9. Be2 O-O 10. O-O f5 11. Rc1 b6 12. d4 Nd7 13. Nb5 Ba6 14. Re1 cxd4 15. Nfxd4 Bxb5 16. Nxb5 Nc5 17. Bf3 Nd3 18. Bxa8 Nxc1 19. Qxd8 Rxd8 20. Rxc1 Rxa8 21. Kf1 a6 22. Nd6 Be5 23. Rc6 b5 24. Nb7 b4 25. Ke2 Bc3 26. a4 Re8 27. Rxa6 f4 28. Nd6 Re6 29. Ra8+ Kg7 30. Nc4 fxe3 31. fxe3 f5 32. Kf3 g5 33. a5 Kf6 34. a6 g4+ 35. Kf2 Kf7 36. a7 Ra6 37. Nd6+ Rxd6 38. Rf8+ Kxf8 39. a8=Q+ Kf7 40. Qb8 Rd2+ 41. Kg3 Rd3 42. Qb7+ Ke6 43. Qc8+ Ke5 44. Qc7+ Ke4 45. Qf4+ Kd5 46. Qxf5+ 1-0